Different boats /

Bibliographic Details
Main Author: Bolger, Philip C.
Format: Book
Language:English
Published: Camden, Me. : International Marine Pub. Co., [1980]
Subjects:

MARC

Tag First Indicator Second Indicator Subfields
LEADER 00000cam a2200000 a 4500
001 in00000085280
005 20151008055824.0
008 810723s1980 meuaef 00010 eng
010 |a  80084096  
020 |a 087742134X :  |c $18.50 
035 |a (OCoLC)07484300 
035 |9 AAJ4481AM 
039 0 |a 2  |b 3  |c 3  |d 3  |e 3 
040 |a DLC  |c DLC  |d TXA  |d UtOrBLW 
049 |a TXAM  |c [1672919] 
050 0 0 |a VM351  |b .B57 
082 0 |a 623.8/22  |2 19 
100 1 |a Bolger, Philip C. 
245 1 0 |a Different boats /  |c Philip C. Bolger. 
264 1 |a Camden, Me. :  |b International Marine Pub. Co.,  |c [1980] 
264 4 |c ©1980 
300 |a vii, 198 pages, 2 unnumbered pages of plates :  |b illustrations, plans ;  |c 26 cm. 
336 |a text  |b txt  |2 rdacontent 
337 |a unmediated  |b n  |2 rdamedia 
338 |a volume  |b nc  |2 rdacarrier 
650 0 |a Boatbuilding. 
650 0 |a Sailboats. 
999 |a MARS 
999 f f |s 033e0c5b-fa40-32e3-bb95-63aaafa9a046  |i 2057229f-c76c-3b0d-8397-9ac97986f2a5  |t 0 
952 f f |p ric  |a Texas A&M University  |b Rellis Campus  |c Joint Library Facility  |s JLF  |d Remote Storage  |t 0  |e VM351 .B57  |h Library of Congress classification  |i unmediated -- volume  |m A14806261708 
998 f f |a VM351 .B57  |t 0  |l Remote Storage